| 000 | 00774nmc a2200301 a 4500 | ||
|---|---|---|---|
| 003 | AR-BaBNM | ||
| 005 | 20251128211410.0 | ||
| 008 | 214020s2003 ||||||||||||||000 | spa|| | ||
| 020 | _a950-511-822-8 | ||
| 040 | _cAR-BaBNM | ||
| 100 | 1 | _aGoldhagen, Daniel | |
| 245 | 1 | 0 |
_aLa Iglesia Católica y el Holocausto _buna deuda pendiente |
| 250 | _a1ª ed. | ||
| 260 |
_aBuenos Aires _bTaurus _c2003 |
||
| 300 | _a404 p. | ||
| 490 | 0 | _aHistoria | |
| 650 | 4 | _aRELIGION | |
| 650 | 4 | _aCATOLICISMO | |
| 650 | 4 | _aGUERRAS MUNDIALES | |
| 650 | 4 | _aIGLESIA Y ESTADO | |
| 650 | 4 | _aJUDIOS | |
| 650 | 4 | _aNAZISMO | |
| 700 | 1 |
_aCondor, María _etraductor |
|
| 700 | 1 |
_aCuéllar, Jesús _etraductor |
|
| 700 | 1 |
_aHermida, Pablo _etraductor |
|
| 942 | _cBK | ||
| 998 | _cmariana | ||
| 999 |
_c19518 _d19518 |
||